The Seven Potters Quiz Stats

 Plays Quiz Updated Mar 20, 2012

Also try: NOT Harry Potter
Challenge
Share
Tweet
Embed
Score 0/14 Timer 02:00
4 Plays Today
Riding % Correct
Flying MotorbikeHarry Potter
93.5%
Broom Ron Weasley
92.5%
Broom Fred Weasley
92%
Flying MotorbikeRubeus Hagrid
91.7%
Thestral Hermione Granger
90.8%
Broom George Weasley
89.7%
BroomMad-eye Moody
88.7%
Riding % Correct
Broom Remus Lupin
83.2%
Broom Nymphadora Tonks
82.4%
ThestralBill Weasley
79%
ThestralFleur Delacour
76.9%
BroomMundungus Fletcher
73.6%
Thestral Kingsley Shacklebolt
68.8%
Broom Arthur Weasley
68%

You're not logged in!

Compare scores with friends on all Sporcle quizzes.
Join for Free
OR
Log In

You Might Also Like...

Show Comments

Extras

Top Quizzes Today


Score Distribution

Your Account Isn't Verified!

In order to create a playlist on Sporcle, you need to verify the email address you used during registration. Go to your Sporcle Settings to finish the process.

Report this User

Report this user for behavior that violates our Community Guidelines.

Details: